Manual Centroamericano de mantenimiento de carreteras, alcantarillas y puentes
| Format: | Section = Libro |
|---|---|
| Language: | Undetermined Spanish |
| Published: |
Guatemala
SIECA
1974
|
| Subjects: |
| LEADER | 00522nam a2200169Ia 4500 | ||
|---|---|---|---|
| 008 | 240829s9999 xx 000 0 und d | ||
| 040 | |a BIBLIOTECA-RUPAP Ref 625.7042 S571 | ||
| 041 | |a spa | ||
| 082 | |a Ref 625.7042 S571 | ||
| 245 | 1 | 0 | |a Manual Centroamericano de mantenimiento de carreteras, alcantarillas y puentes |
| 260 | |a Guatemala |b SIECA |c 1974 | ||
| 300 | |a 561 p. :il. | ||
| 650 | 7 | |a CARRETERAS - CUIDADO Y REPARACION | |
| 650 | 7 | |b PUENTES - CUIDADO Y REPARACION. I. Tít. | |
| 942 | |c BK |2 ddc | ||
| 991 | |a TEXTO | ||
| 999 | |c 9276 | ||